| 000 | 00338nam a22001097a 4500 | ||
|---|---|---|---|
| 082 | _a220 PRO | ||
| 100 |
_aTANZIL UR REHMAN,RIZWAN,SAAD,RASHID ANSARI _971688 |
||
| 245 | _aPR-SOF-1364-DESIGN & FABRICATION OF A SOLAR PORTABLE BATTERY CHARGER | ||
| 260 |
_aISLAMABAD _bNUST COLLEGE OF EME _c2014 |
||
| 650 |
_aDE-MECH-32 _971689 |
||
| 942 | _cCR | ||
| 999 |
_c578075 _d578075 |
||